<?xml version="1.0" encoding="UTF-8"?><?xml-stylesheet type="text/xsl" href="static/style.xsl"?><OAI-PMH xmlns="http://www.openarchives.org/OAI/2.0/" xmlns:xsi="http://www.w3.org/2001/XMLSchema-instance" xsi:schemaLocation="http://www.openarchives.org/OAI/2.0/ http://www.openarchives.org/OAI/2.0/OAI-PMH.xsd"><responseDate>2026-04-14T07:19:00Z</responseDate><request verb="GetRecord" identifier="oai:www.recercat.cat:10459.1/465705" metadataPrefix="marc">https://recercat.cat/oai/request</request><GetRecord><record><header><identifier>oai:recercat.cat:10459.1/465705</identifier><datestamp>2026-02-23T19:14:49Z</datestamp><setSpec>com_2072_3622</setSpec><setSpec>col_2072_479130</setSpec></header><metadata><record xmlns="http://www.loc.gov/MARC21/slim" xmlns:dcterms="http://purl.org/dc/terms/" xmlns:xsi="http://www.w3.org/2001/XMLSchema-instance" xmlns:doc="http://www.lyncode.com/xoai" xsi:schemaLocation="http://www.loc.gov/MARC21/slim http://www.loc.gov/standards/marcxml/schema/MARC21slim.xsd">
   <leader>00925njm 22002777a 4500</leader>
   <datafield ind2=" " ind1=" " tag="042">
      <subfield code="a">dc</subfield>
   </datafield>
   <datafield ind2=" " ind1=" " tag="720">
      <subfield code="a">Medel, Daniel</subfield>
      <subfield code="e">author</subfield>
   </datafield>
   <datafield ind2=" " ind1=" " tag="720">
      <subfield code="a">Cemeli, Tània</subfield>
      <subfield code="e">author</subfield>
   </datafield>
   <datafield ind2=" " ind1=" " tag="720">
      <subfield code="a">Jiménez Herrera, María</subfield>
      <subfield code="e">author</subfield>
   </datafield>
   <datafield ind2=" " ind1=" " tag="720">
      <subfield code="a">Campoy Guerrero, Carme</subfield>
      <subfield code="e">author</subfield>
   </datafield>
   <datafield ind2=" " ind1=" " tag="720">
      <subfield code="a">Bonet Augè, Aida</subfield>
      <subfield code="e">author</subfield>
   </datafield>
   <datafield ind2=" " ind1=" " tag="720">
      <subfield code="a">Sanromà Ortíz, Montserrat</subfield>
      <subfield code="e">author</subfield>
   </datafield>
   <datafield ind2=" " ind1=" " tag="720">
      <subfield code="a">Roca Llobet, Judith</subfield>
      <subfield code="e">author</subfield>
   </datafield>
   <datafield ind2=" " ind1=" " tag="720">
      <subfield code="a">Reguant Álvarez, Mercedes</subfield>
      <subfield code="e">author</subfield>
   </datafield>
   <datafield ind2=" " ind1=" " tag="260">
      <subfield code="c">2024-04-27</subfield>
   </datafield>
   <datafield ind2=" " ind1=" " tag="520">
      <subfield code="a">Virtual simulation offers a powerful educational tool with considerable, albeit underexplored potential. This technology immerses students in lifelike digital scenarios, fostering the acquisition of knowledge and skills necessary for their future careers. This study aimed to assess knowledge acquisition and satisfaction outcomes among students using a virtual simulation teaching approach. The specific objectives were (1) to compare pre-and posttest knowledge acquisition, (2) to investigate the influence of prior professional experience on knowledge, and (3) to explore satisfaction levels with virtual simulation. One hundred and fifty-nine nursing students participated in a virtual simulation-based clinical intervention, entailing the resolution of a virtual adult patient hospitalized with respiratory pathology. Sociodemographic data and prior professional experience were collected, and knowledge was evaluated through pre-to-post tests. Satisfaction levels were assessed using open-ended questions. Quantitative data were analyzed using descriptive statistics, Wilcoxon, Mann-Whitney U, and Cohen's tests, while qualitative data underwent keyword-in-context analysis. Significant differences were noted between pre- and posttest knowledge levels, with prior experience showing no significant impact on knowledge acquisition. Participants reported high levels of satisfaction. Lexicometric analysis identified four clusters of words related to the key terms 'simulation', 'learn', 'activity', and 'knowledge'. Virtual clinical simulation effectively enhances knowledge acquisition and fosters satisfaction, with students recognizing the positive impact of this approach on their learning. Consequently, virtual simulation contributes to the training of competent health professionals</subfield>
   </datafield>
   <datafield tag="653" ind2=" " ind1=" ">
      <subfield code="a">Learning</subfield>
   </datafield>
   <datafield tag="653" ind2=" " ind1=" ">
      <subfield code="a">Nursing student</subfield>
   </datafield>
   <datafield tag="653" ind2=" " ind1=" ">
      <subfield code="a">Satisfaction</subfield>
   </datafield>
   <datafield tag="653" ind2=" " ind1=" ">
      <subfield code="a">Simulation training</subfield>
   </datafield>
   <datafield tag="653" ind2=" " ind1=" ">
      <subfield code="a">Virtual simulation</subfield>
   </datafield>
   <datafield tag="653" ind2=" " ind1=" ">
      <subfield code="a">Simulation training</subfield>
   </datafield>
   <datafield ind2="0" ind1="0" tag="245">
      <subfield code="a">Analysis of Knowledge and Satisfaction in Virtual Clinical Simulation among Nursing Students: A Mixed Study</subfield>
   </datafield>
</record></metadata></record></GetRecord></OAI-PMH>